[Event "NOR-chB"]
[Site "Oslo"]
[Date "2023.07.04"]
[Round "5"]
[White "Suprianto, Anto"]
[Black "Olsen, Sondre"]
[Result "0-1"]
[WhiteElo "1261"]
[BlackElo "1340"]
[PlyCount "48"]
[EventDate "2023.06.30"]
[EventType "swiss"]
[EventRounds "9"]
[EventCountry "NOR"]
[SourceTitle "EXT 2024"]
[Source "ChessBase"]
[SourceDate "2023.10.10"]
[SourceVersion "1"]
[SourceVersionDate "2023.10.10"]
[SourceQuality "1"]

1. c4 Nf6 2. Nc3 e6 3. Nf3 d5 4. e3 c5 5. d4 Nc6 6. cxd5 exd5 7. Bb5 Bd6 8. dxc5 Bxc5 9. Ne5 Qc7 10. f4 0-0 11. Nxd5 Nxd5 12. Qxd5 Qa5+ 13. b4 Qxb4+ 14. Kf2 Qxb5 15. Kg3 Nxe5 16. Qxe5 Re8 17. Qg5 f6 18. Qh5 g6 19. Qf3 Bd7 20. h4 Bc6 21. Qg4 f5 22. Qg5 Qe2 23. h5 Qxg2+ 24. Kh4 Qxh1+ 0-1